Zvyšovanie úrovne manažérskych kompetencií využívaním manažérskych informačných systémov

Stručný prehľad využitia manažérskych informačných systémov v slovenských podnikoch. Návrh krokov pri zavádzaní daných systémov.

Gespeichert in:
Bibliographische Detailangaben
1. Verfasser: Milčevičová, Edita
Weitere Verfasser: Šušňáková, Viktória
Format: Buchkapitel
Sprache:Slowakisch
Schlagworte:
Tags: Tag hinzufügen
Keine Tags, Fügen Sie das erste Tag hinzu!

MARC

LEADER 00000nla a2200000 4500
001 0160851
005 20240502083357.2
041 0 |a slo 
044 |a BE 
245 1 0 |a Zvyšovanie úrovne manažérskych kompetencií využívaním manažérskych informačných systémov  |c Edita Milčevičová, Viktória Šušňáková 
520 |a Stručný prehľad využitia manažérskych informačných systémov v slovenských podnikoch. Návrh krokov pri zavádzaní daných systémov. 
610 2 0 |a manažment 
610 2 0 |a kompetencie 
610 2 0 |a systémy informačné manažérske 
100 1 |a Milčevičová, Edita 
700 1 |a Šušňáková, Viktória